Alive to God through prayer; a manual on practices of prayer. (Record no. 16154)

000 -LEADER
fixed length control field 00691nam a2200217 a 4500
001 - CONTROL NUMBER
control field :::00018875$&:&@@
003 - CONTROL NUMBER IDENTIFIER
control field OkBaRHE
005 - DATE AND TIME OF LATEST TRANSACTION
control field 20010112121548.0
008 - FIXED-LENGTH DATA ELEMENTS--GENERAL INFORMATION
fixed length control field s1965 j 000 0 eng u
020 ## - INTERNATIONAL STANDARD BOOK NUMBER
International Standard Book Number 0310238412 (pbk.)
040 ## - CATALOGING SOURCE
Transcribing agency
100 1# - MAIN ENTRY--PERSONAL NAME
Personal name Demaray, Donald E.
245 10 - TITLE STATEMENT
Title Alive to God through prayer; a manual on practices of prayer.
250 ## - EDITION STATEMENT
Edition statement Rev. ed.
260 ## - PUBLICATION, DISTRIBUTION, ETC. (IMPRINT)
Place of publication, distribution, etc Grand Rapids, MI., :
Name of publisher, distributor, etc Baker Book House
Date of publication, distribution, etc 1965
300 ## - PHYSICAL DESCRIPTION
Extent 172 p. ;
Dimensions 21 cm.
650 ## - SUBJECT ADDED ENTRY--TOPICAL TERM
Topical term or geographic name as entry element Prayer
700 ## - ADDED ENTRY--PERSONAL NAME
Personal name Demaray, Donald E. Alive to God through prayer.
942 ## - ADDED ENTRY ELEMENTS (KOHA)
Source of classification or shelving scheme
Koha item type Books
Copies
Date acquired Source of classification or shelving scheme Withdrawn status Date last seen Barcode Full call number Copy number Permanent Location Price effective from Lost status Not for loan Damaged status Koha item type Shelving location
2010-04-14  2010-04-1418875BV 210.2 .D431RHEMA Bible Training College2010-04-14   BooksGeneral Stacks